Concursos y quiebras (Registro nro. 3435)
[ vista simple ]
| 000 -LEADER | |
|---|---|
| fixed length control field | 01209 a2200229 4500 |
| 001 - CONTROL NUMBER | |
| control field | 41222 |
| 005 - DATE AND TIME OF LATEST TRANSACTION | |
| control field | 20260407155706.0 |
| 008 - FIXED-LENGTH DATA ELEMENTS--GENERAL INFORMATION | |
| fixed length control field | 260407a2007 arg spa d |
| 003 - CONTROL NUMBER IDENTIFIER | |
| control field | AR-UNSa-BCEJYS |
| 040 ## - CATALOGING SOURCE | |
| Original cataloging agency | AR-UNSa-BCEJYS |
| Language of cataloging | spa |
| Transcribing agency | AR-UNSa-BCEJYS |
| 080 ## - UNIVERSAL DECIMAL CLASSIFICATION NUMBER | |
| Universal Decimal Classification number | 347.736 |
| Common auxiliary subdivision | Quiebra. Insolvencia. Suspensión de pagos. Bancarrota, procedimientos. Derecho Concursal |
| 020 ## - INTERNATIONAL STANDARD BOOK NUMBER | |
| International Standard Book Number | 978-950-894-593-8 |
| 041 ## - LANGUAGE CODE | |
| Language code of text/sound track or separate title | spa |
| 100 1# - MAIN ENTRY--PERSONAL NAME | |
| Personal name | Vítolo, Daniel Roque |
| 245 10 - TITLE STATEMENT | |
| Title | Concursos y quiebras |
| Name of part/section of a work | Doctrina. Jurisprudencia aplicable |
| 264 #1 - PRODUCTION, PUBLICATION, DISTRIBUTION, MANUFACTURE, AND COPYRIGHT NOTICE | |
| Place of production, publication, distribution, manufacture | Buenos Aires : |
| Name of producer, publisher, distributor, manufacturer | AD-HOC |
| Date of production, publication, distribution, manufacture, or copyright notice | 2007 |
| 300 ## - PHYSICAL DESCRIPTION | |
| Extent | 716 p. |
| Dimensions | 23 cm. |
| 505 ## - FORMATTED CONTENTS NOTE | |
| Formatted contents note | 1. La crisis en la empresa - 2. La legislación Argentina en materia de insolvencia - 3. Los procesos concursales bajo el régimen legal argentino - 4. Principios generales aplicables a los procesos concursales - 5. El concurso preventivo - 6. El acuerdo preventivo extrajudicial - 7. La quiebra - 8. Funcionarios de los concursos - 9. Reglas procesales - 10. Pequeños concursos - 11. Disposiciones transitorias y complementarias |
| 590 ## - LOCAL NOTE (RLIN) | |
| Local note | niveau_biblio:m niveau_hierar:0 |
| 856 41 - ELECTRONIC LOCATION AND ACCESS | |
| Uniform Resource Identifier | <a href="https://biblioeco.unsa.edu.ar/pmb/images/libros/L126469.jpg">https://biblioeco.unsa.edu.ar/pmb/images/libros/L126469.jpg</a> |
| Link text | Imagen de portada |
| Electronic format type | image/jpeg |
| 942 ## - ADDED ENTRY ELEMENTS (KOHA) | |
| Koha item type | |
| Withdrawn status | Lost status | Damaged status | Not for loan | Home library | Current library | Shelving location | Date acquired | Total checkouts | Full call number | Barcode | Date last seen | Price effective from | Koha item type |
|---|---|---|---|---|---|---|---|---|---|---|---|---|---|
| Biblioteca Prof. Eusebio Cleto del Rey | Biblioteca Prof. Eusebio Cleto del Rey | 07/04/2026 | 347.736 V845u | L126469 | 07/04/2026 | 07/04/2026 | Libro |